000
00301 a2200109 4500
001
ART_59150
005
20260410162051.0
008
260409a
245
1
0
_a
Derecho administrativo sancionador.
100
1
_a
Schurig, Harry
773
0
_t
Impuestos
_g
- N° 154 (ago. 2023)
_w
REV45175
999
_c
35819
_d
35819